Roots of Urban unrest (Record no. 647474)

MARC details
000 -LEADER
fixed length control field 00789nam a2200265Ia 4500
003 - CONTROL NUMBER IDENTIFIER
control field OSt
005 - DATE AND TIME OF LATEST TRANSACTION
control field 20220926025601.0
008 - FIXED-LENGTH DATA ELEMENTS--GENERAL INFORMATION
fixed length control field 220923b |||||||| |||| 00| 0 eng d
020 ## - INTERNATIONAL STANDARD BOOK NUMBER
-- 450
037 ## - SOURCE OF ACQUISITION
Terms of availability General Book
040 ## - CATALOGING SOURCE
Original cataloging agency RTL
Transcribing agency RTL
Language of cataloging eng
041 ## - LANGUAGE CODE
Source of code eng
Language code of text/sound track or separate title eng
100 ## - MAIN ENTRY--PERSONAL NAME
Personal name Benyon John
9 (RLIN) 332636
245 #0 - TITLE STATEMENT
Title Roots of Urban unrest
260 ## - PUBLICATION, DISTRIBUTION, ETC.
Place of publication, distribution, etc. Oxford
Name of publisher, distributor, etc. Pergamon Press
Date of publication, distribution, etc. 1987
300 ## - PHYSICAL DESCRIPTION
Extent xviii,207p
Dimensions cm.
500 ## - GENERAL NOTE
General note Bibliography: P 197-200
650 ## - SUBJECT ADDED ENTRY--TOPICAL TERM
Topical term or geographic name entry element Urban Sociology
9 (RLIN) 34088
700 ## - ADDED ENTRY--PERSONAL NAME
Personal name Solomos John
9 (RLIN) 138806
942 ## - ADDED ENTRY ELEMENTS (KOHA)
Classification part Y33:4582.3.N8, M7
Koha item type General Books
Source of classification or shelving scheme Colon Classification (CC)
Holdings
Withdrawn status Lost status Damaged status Not for loan Home library Current library Date acquired Source of acquisition Total Checkouts Full call number Barcode Date last seen Price effective from Koha item type
        Ratan Tata Library Ratan Tata Library 2022-09-26 34110, 27/11/1987, IBD   Y33:4582.3.N8 M7 RT1003767 2022-09-26 2022-09-26 General Books
Copyright @ Delhi University Library System